Classi di Dungeons & Dragons 5E - Statistics

Statistiche generali
  • Questo quiz è stato fatto 13 volte
  • Il punteggio medio è 9 su 12
Statistiche sulle risposte
Risposta % Corretto
Ladro
90%
Mago
90%
Druido
80%
Ranger
80%
Barbaro
70%
Guerriero
70%
Stregone
70%
Warlock
70%
Bardo
60%
Chierico
60%
Paladino
60%
Monaco
50%
Nessun quiz corrispondente trovato
Distribuzione punteggi
Percentuale di utenti per punteggio
Percentile per numero di risposta
I tuoi punteggi nel tempo
Non hai fatto questo quiz